Died in Their 90s - Sudden Death - Statistics

General Stats
  • This quiz has been taken 70 times
    4 since last reset
  • The average score is 5 of 15
Answers on the Grid
Answers color-coded by a green-red scale on the quiz's grid according to % correct below.
Nelson Mandela
Margaret Thatcher
Ray Bradbury
Pope Francis
Jane Goodall
Leonard Cohen
Stan Lee
Helen Keller
Konrad Adenauer
Quincy Jones
Mother Teresa
Katharine Hepburn
Joe DiMaggio
Tony Bennett
Linus Pauling
Coco Chanel
Salvador Dalí
Betty White
Chuck Norris
Gene Wilder
Norman Rockwell
Frank Lloyd Wright
Henry Ford
Pablo Picasso
Rosa Parks
Golda Meir
Sidney Lumet
Robert Mugabe
Mao Zedong
Gene Hackman
 
Answer Stats
Answer % Correct
Betty White
67%
Nelson Mandela
67%
Robert Mugabe
67%
Stan Lee
67%
Tony Bennett
67%
Gene Hackman
33%
Katharine Hepburn
33%
Pablo Picasso
33%
Rosa Parks
33%
Frank Lloyd Wright
0%
Jane Goodall
0%
Konrad Adenauer
0%
Linus Pauling
0%
Quincy Jones
0%
Ray Bradbury
0%
No matching quizzes found
Score Distribution
Percent of People with Each Score
Percentile by Number Answered
Your Score History
You have not taken this quiz since the last reset